000 00927cam a2200205 4500
001 ##L133122
008 060412n2006 000 0 eng u
035 _a(Sirsi) u133122
041 0 _aeng
050 0 4 _a690.025 $2 18
110 2 _aProperty Data Limited
_93654
245 0 4 _aThe UK housebuilders directory - 2006 edition
260 _aLondon
_bEccleshall
_c2006
300 _a294p.
_c30cm.
350 _a275
505 2 _aUK housebuilders by turnover -- Leading UK housebuilders by unit completions -- Leading UK housebuilders by average selling price -- Housebuilders by specialization -- Regional listing of UK housebuilders: UK housebuilders listed by 12 geographical regions -- UK housebuilders profiles A-Z: detailed information on over 1 500 UK housebuilders and residential developers.
651 _aUnited Kingdom
_y
690 _aPROPERTY-RESIDENTIAL PROPERTY-RESIDENTIAL PROPERTY DEVELOPMENT
942 _n0
999 _c105335
_d105335